00773nam a22002292 450000100100000000500170001000800410002701000160006804000230008408200230010710000680013024500120019825000500021026000360026030000110029665000270030765000310033491000280036504900090039395201260040299900150052800000632820200929153922.0910607s1937 sp 000 0 spa  altf91059239 aDO-SdBNPcDLCdDLC a862.3bM845t, 19661 aMoreto y Cavana, Agustin,d1618-1669. [from old catalog]91764200aTeatro. a2. ed.bEd. y notas de Narciso Alonso Cortes. aMadrid, :bEspasa-Calpe,c1937. a246 p. 4aTeatro español93071 4aLiteratura española9632 aCatalogación original aBNGR 001052708MOaGRbGRcCTd2009-08-27iLF1l0o862.3 M845t, 1966p6328-10r2020-06-25w2020-06-25y2ZPréstamo interno c6123d6123